zpět

Detail výsledku týmu

The Pub Praha 2 ST, Praha

Datum a čas kvízu

31 Celkem bodů Celkový počet nahraných bodů na tomto kvízu bez doplňovacích otázek.
11. Pořadí na kvízu Konečné umístění týmu na tomto kvízu.

Zaznamenané odpovědi

# Otázka Odpověď Body Výsledky
1. Koncem týdne ovlivnila počasí... Boris 1
2. Minulý týden jsme se dozvěděli... Stanford (University) 1
3. Minulý týden jsme se dozvěděli... Dominika Branišová 0
4. Londýnský obchodní dům s luxus... Harrods 1
5. Minulý týden se náš fotbal dos... v Ústí nad Labem 0
6. Může to být alergie, dieta, ne... chia 1
7. Ve zdravých receptech se můžem... zoodles 1
8. Asi nepřekvapí, že ve stavu be... tortilly 1
9. Tento sirup, kterým lze sladit... z čekanky 1
10. Naprostým mistrem v nahrazován... nedávejte tam nic 1